00385nam a2200121 4500008004100000020001500041050002700056100003100083245005200114260005100166300002800217650001800245160706b xxu||||| |||| 00| 0 eng d a9966226028 aRA 643.86 .A35W36 2007 aWanjala, Leah Njambid2007 aHIV AND AIDS the pandemic/cLeah Njambi Wanjala aNairobi :bThe Jomo Kenyatta Foundation,c2007 ax, 128p. :bill;c25cm. aHIV and AIDS.